Vista normal
Vista MARC
Entrada Nombre personal
Número de registros utilizados en: 1
001 - NÚMERO DE CONTROL
- Campo de control: 45549
003 - IDENTIFICADOR DE NÚMERO DE CONTROL
- Campo de control: OSt
005 - FECHA Y HORA DE LA ULTIMA MODIFICACION
- Campo de control: 20210722165256.0
008 - ELEMENTOS DE DATOS DE LONGITUD FIJA
- Campo de longitud fija: 210722|| aca||aabn | a|a d
040 ## - FUENTE DE LA CATALOGACIÓN
- Agencia original de catalogación: OSt
100 1# - ENCABEZAMIENTO--NOMBRE DE PERSONA
- Nombre personal: España Armendáriz, Nancy Mariela
670 ## - FUENTE DE DATOS ENCONTRADOS
- Fuente de citación: Investigación, aplicación de la tecnología en el proceso de enseñanza aprendizaje (modalidad virtual), de los docentes de la Facultad de Ciencias y Humanidades de la Universidad Católica de El Salvador.-
670 ## - FUENTE DE DATOS ENCONTRADOS
- Fuente de citación: BMC.- 22-07-2021